| 000 | 00491nam a22001577a 4500 | ||
|---|---|---|---|
| 003 | macl | ||
| 005 | 20240509171031.0 | ||
| 008 | 240509b |||||||| |||| 00| 0 eng d | ||
| 040 | _cmacl | ||
| 082 | _a530 | ||
| 100 |
_a मुखर्जी,डाॅ.पी.के _982355 |
||
| 245 | _aलेसर लाइट | ||
| 260 |
_aभाेपाल _bआईसेक्ट पब्लिकेशन _c2019 |
||
| 650 |
_aभौतिकी विज्ञान _951264 |
||
| 942 |
_2ddc _cHIN |
||
| 999 |
_c66828 _d66828 |
||